[Event "World-ch Tournament"]
[Site "Mexico City"]
[Date "2007.09.19"]
[Round "6"]
[White "Leko, Peter"]
[Black "Anand, Viswanathan"]
[Result "1/2-1/2"]
[WhiteElo "2751"]
[BlackElo "2792"]
[Annotator "Marin,M"]
[PlyCount "42"]
[EventDate "2007.09.13"]
[EventType "tourn"]
[EventRounds "14"]
[EventCountry "MEX"]
[EventCategory "21"]
[SourceTitle "CBM 120"]
[Source "ChessBase"]
[SourceDate "2007.10.02"]
[SourceVersion "1"]
[SourceVersionDate "2007.10.02"]
[SourceQuality "1"]

1. e4 e5 2. Nf3 Nc6 3. Bb5 a6 4. Ba4 Nf6 5. O-O b5 6. Bb3 Bc5 {It is
refreshing to remember that in the Ruy Lopez there are other playable lines
than the Marshall Attack. Es ist erfrischend, sich daran zu erinnern, dass es
im Spanier auch noch andere spielbare Varianten als den Marshall-Angriff gibt.
Es agradable ver que en la apertura Ruy Lopez quedan variantes jugables, otras
que el hiperanalizado Ataque Marshall.} 7. c3 d6 8. a4 Rb8 9. d4 Bb6 10. Na3
O-O 11. axb5 axb5 12. Nxb5 Bg4 13. Be3 ({Previously, Leko had tried Zuvor
hatte Leko Leko había jugado anteriormente} 13. Bc2 Bxf3 14. gxf3 Nh5 15. Kh1 {
Leko,P (2741)-Karjakin,S (2591)/Dortmund 2004/CBM 102 (1/2-1/2, 30) , but
against Anand he might have considered that the weakening of the kingside was
not really recommendable. versucht, Leko,P (2741)-Karjakin,S (2591)/Dortmund
2004/CBM 102 (1/2-1/2, 30), aber gegen Anand mag er überlegt haben, dass die
Schwächung des Königsflügels nicht wirklich zu empfehlen war. , pero parece
que contra Anand considero la debilitación delflanco de rey demasiado
arriesgado.} ({A more recent example in this line is Ein aktuelles Beispiel in
dieser Variante ist} 15. Be3 {Dominguez Perez,L (2678)-Shirov,A (2699)/Foros
2007/CBM 119/[Marin,M] (0-1, 46). The comments to this game also contain a
survey of the position with doubled pawns on the f-file as well as some notes
to Leko's game. Dominguez Perez,L (2678)-Shirov,A (2699)/Foros 2007/CBM 119/
[Marin,M] (0-1, 46). Die Kommentare zu dieser Partie enthalten auch eine
Übersicht zu dieser Stellung, dazu ein paar Anmerkungen zu der Leko-Partie.}))
13... exd4 14. cxd4 Nxe4 $1 {Despite the apparent danger involved, this is the
correct move. Trotz der offensichtlich damit verbundenen Gefahr ist dies der
korrekte Zug.} (14... Qe8 {is slightly inferior, see Anand,V (2765)-Shirov,A 
(2700)/Groningen 1997/CBM 063/[Anand] (1-0, 42) ist einen Tick schwächer,
siehe Anand,V (2765)-Shirov,A (2700)/Groningen 1997/CBM 063/[Anand] (1-0, 42)})
15. Qc2 (15. Bd5 Qe8 16. Qc2 Bxf3 {was examined in Berelovich,A (2541)
-Grischuk,A (2712)/Germany 2003/CBM 095/[Wedberg] (1/2-1/2, 47). The most
important thing to remember is that after wurde untersucht in Berelovich,A 
(2541)-Grischuk,A (2712)/Germany 2003/CBM 095/[Wedberg] (1/2-1/2, 47). Das
Wichtigste, was man sich merken muss, ist, dass nach} 17. Bxc6 Qe6 18. gxf3 {
Black has Schwarz} Qg6+ $1 19. Bg5 (19. Kh1 $2 Ng3+ $1 $19) 19... Qxg5+ 20. Kh1
Nf6 $11 {hat.}) 15... Qe8 {Miraculously, Black managed to defend his pieces.
White retains some initiative, but Black's better structure allows him count
on equality. Auf wundersame Weise ist es Schwarz gelungen, seine Figuren zu
verteidigen. Weiß behauptet etwas Initiative, doch dank seiner besseren
Struktur kann Schwarz auf Ausgleich zählen. Como por milagro, las figuras
negras quedan defendidas. Las blancas mantienen ligera iniciativa, pero la
estructura más sólida de las negras les permite contar con igualdad.} 16. Ba4 {
[%csl Gc6][%cal Yb5c7]} ({The immediate Das unmittelbare} 16. Rfe1 $5 {,
completing the development, deserves attention. The force of all White's
threats (Ba4, Bd5, Nxc7 /\ Bd5) is increased, while the usefulness of the rook
move is beyond any doubt. Here is a possibly critical line: , womit die
Entwicklung abgeschlossen wird, kommt in Betracht. Die Kraft sämtlicher weißer
Drohungen (Ba4, Bd5, Nxc7 /\ Bd5) wird verstärkt, während die Nützlichkeit des
Turmzuges völlig außer Zweifel steht. Hier ist ein möglicherweise kritisches
Abspiel:} Ba5 17. Nc3 Bxc3 18. bxc3 Bxf3 19. gxf3 Nf6 20. Ba4 Qd7 21. Bg5 d5
22. Qd2 $1 (22. Bxf6 gxf6 23. Qd2 Qd6 $1) 22... Nh5 $5 (22... Qd6 23. Bf4 Qd7
24. Be5 $14) 23. Qd3 Rb6 (23... Qd6 24. Qf5 $36) 24. Bc2 g6 25. Bh6 {Despite
his structural defects, White exerts strong pressure with his bishops. The
position remains strategically unbalanced, but for the time being White has
some initiative. Trotz seiner strukturellen Defekte übt Weiß mit seinen Läufer
starken Druck aus. Die Stellung bleibt strategisch unausgewogen, im Moment
aber hat der Anziehende etwas Initiative:}) 16... Bd7 {Now, White does not
have to care about the exchange on f3 anymore, but Black has achieved
satisfactory stability, too. Nun muss sich Weiß nicht mehr um den Tausch auf
f3 sorgen, doch auch Schwarz hat zufriedenstellende Stabilität erlangt.} (16...
Bxf3 $2 17. gxf3 Nf6 {leaves the c6-knight pinned. White can win a pawn in
several ways, but maybe he should just preserve the pin with lässt den
c6-Springer gefesselt. Weiß kann auf mehrere Arten einen Bauern gewinnen, aber
vielleicht sollte er einfach die Fesselung aufrechterhalten mit} 18. Nc3 $5 {
for instance , zum Beispiel} Nb4 19. Qb3 Nc6 20. Qa2 $1 $16 {[%cal Yf1c1]} Nb4
$2 21. Qc4 $1 $18) 17. Rfe1 (17. Nc3 f5 $6 {This looks like an unnecessary
weakening move. Dies sieht aus wie eine unnötige Schwächung.} (17... Nxc3 18.
bxc3 $14 {[%csl Yb6,Gd4] would leave the b6-bishop out of play for a long time,
exposing the kingside to possible attacks. However, it would not have been
easy for White to make progress. würde den Läufer b6 lange Zeit vom Spiel
ausschließen, während der Königsflügel möglichen Angriffe ausgesetzt wäre.
Allerdings hätte Weiß nicht ohne Weiteres Fortschritte machen können.}) (17...
Nf6 18. Rfe1 Qd8 {would be simplest, maintaining the character of the position
unchanged. wäre am einfachsten, womit der Charakter der Stellung unverändert
bleibt.}) 18. Nd5 (18. Rfe1 $1) 18... Na5 $6 (18... Ne7 $5) 19. Bxd7 Qxd7 20.
b4 Nb7 {[%csl Yb7]} (20... Nc6 $2 21. Qxc6 $1 $18) 21. Rfc1 $16 {Becerra
Rivero,J (2546)-Friedel,J (2480)/ICC INT 2006 (1-0, 37)}) 17... Nb4 18. Qc4 Ba5
$11 {Again, Black's pieces are defended, while the b5-knight is hanging.
Wieder sind die Figuren von Schwarz verteidigt, während der b5-Springer hängt.}
19. Nc3 Bxa4 20. Rxa4 d5 21. Qf1 Nc6 {Black has a stable position and has
solved the problem of his potentially passive bishop (...Bxc3 can be played
soon). Schwarz besitzt eine stabile Stellung und hat das Problem seines
potentiell passiven Läufers gelöst (...Bxc3 kann bald erfolgen).} 1/2-1/2

[Event "Corus"]
[Site "Wijk aan Zee"]
[Date "2010.01.16"]
[Round "1"]
[White "Leko, Peter"]
[Black "Shirov, Alexei"]
[Result "0-1"]
[WhiteElo "2739"]
[BlackElo "2723"]
[Annotator "Marin,M"]
[PlyCount "128"]
[EventDate "2010.01.16"]
[EventType "tourn"]
[EventRounds "13"]
[EventCountry "NED"]
[EventCategory "19"]
[SourceTitle "CBM 135"]
[Source "ChessBase"]
[SourceDate "2010.03.17"]
[SourceVersion "1"]
[SourceVersionDate "2010.03.17"]
[SourceQuality "1"]

1. e4 e5 2. Nf3 Nc6 3. Bb5 a6 4. Ba4 Nf6 5. O-O b5 6. Bb3 Bc5 7. a4 Rb8 8. Nxe5
Nxe5 9. d4 Bxd4 10. Qxd4 d6 11. f4 Nc6 12. Qc3 Ne7 13. Qd3 (13. axb5 axb5 14.
e5 {Garbisu de Goni,U (2462)-Burguete Archel,E (2187)/Pamplona 2007/CBM 121
Extra (1-0, 33)}) 13... O-O 14. Nc3 b4 15. e5 Bf5 16. Qxa6 Nd7 17. exd6 bxc3
18. dxe7 Qxe7 19. bxc3 Nc5 20. Qc4 Rfd8 21. Ba2 Bxc2 22. f5 Bd3 23. f6 gxf6 24.
Qg4+ Kh8 25. Bh6 Rg8 26. Qd4 Bxf1 27. Rxf1 Rg6 28. Be3 Nxa4 29. Bf2 Nb6 30. Bb1
Rg7 31. Re1 Qd6 32. Bf5 Nd5 33. g4 Rgg8 34. c4 Nf4 35. Qxd6 cxd6 36. Bg3 Nh3+
37. Kg2 Ng5 38. Bxd6 Rb2+ 39. Kg3 Ra8 40. Re3 Kg7 41. h4 Ne6 42. g5 Raa2 43.
gxf6+ Kxf6 44. Bxh7 Re2 45. Rf3+ Kg7 46. Bd3 Re1 47. Be7 Rd2 48. Bf6+ Kg8 49.
Kg4 Nc5 50. Bf5 Ne4 51. Bxe4 Rxe4+ 52. Kh5 Rxc4 53. Rg3+ Kf8 54. Bg7+ Ke7 55.
Re3+ Kd7 56. Bf6 Rf2 57. Be5 Rf5+ 58. Kh6 Rxh4+ 59. Kg7 Rg4+ 60. Kf8 Rf1 61.
Rd3+ Ke6 62. Bc7 Rc4 63. Rd6+ Kf5 64. Rd7 Kg4 0-1

[Event "Corus"]
[Site "Wijk aan Zee"]
[Date "2010.01.18"]
[Round "3"]
[White "Dominguez Perez, Leinier"]
[Black "Anand, Viswanathan"]
[Result "1/2-1/2"]
[WhiteElo "2712"]
[BlackElo "2790"]
[Annotator "Marin,M"]
[PlyCount "153"]
[EventDate "2010.01.16"]
[EventType "tourn"]
[EventRounds "13"]
[EventCountry "NED"]
[EventCategory "19"]
[SourceTitle "CBM 135"]
[Source "ChessBase"]
[SourceDate "2010.03.17"]
[SourceVersion "1"]
[SourceVersionDate "2010.03.17"]
[SourceQuality "1"]

1. e4 e5 2. Nf3 Nc6 3. Bb5 a6 4. Ba4 Nf6 5. O-O b5 6. Bb3 Bc5 7. a4 Rb8 8. c3
d6 9. d4 Bb6 10. axb5 axb5 11. Qd3 Bd7 {A rare move.} ({The main line goes} 
11... O-O 12. Bg5) 12. Na3 O-O 13. Nxb5 $5 {This had been played only once
before, in a game between lower rated players.} (13. Bg5 {is almost
unanimously played here.}) 13... exd4 14. cxd4 Ne5 15. dxe5 Bxb5 16. Bc4 Bxc4
17. Qxc4 dxe5 18. Nxe5 {White has won a pawn, but Black is better developed.
Dominguez will manage to maintain his minimal material advantage until deep in
the endgame, but the reduced material left on board will not offer him
realistic winning chances.} Qd6 19. Nd3 Rfd8 20. Ra3 Qd4 21. Qxd4 Rxd4 22. e5
Nd5 23. g3 h6 24. Re1 Nb4 25. Nxb4 Rxb4 26. Rc3 Rb7 27. Rc6 Bd4 28. e6 fxe6 29.
Rexe6 Kf7 30. Re2 Bxb2 31. Bf4 R4b6 32. Rxc7+ Rxc7 33. Bxc7 Rb7 34. Bf4 Bf6 35.
Kg2 h5 36. Rc2 g6 37. Be3 Rd7 38. Rc4 Be5 39. h3 Bg7 40. f4 Bf6 41. Kf3 Bg7 42.
Rb4 Bf6 43. Ke4 Re7+ 44. Kd3 Rd7+ 45. Ke4 Re7+ 46. Kf3 Rd7 47. Rb5 Rc7 48. Rd5
Ke6 49. Ra5 Kf7 50. Ra6 Re7 51. g4 hxg4+ 52. hxg4 Re6 53. Ra5 Re7 54. Rb5 Bg7
55. Bc5 Rd7 56. Ke4 Rd1 57. Rb7+ Kg8 58. Be3 Rd8 59. Bc5 Rd1 60. g5 Re1+ 61.
Kd5 Rd1+ 62. Kc6 Rc1 63. Kd5 Rd1+ 64. Ke4 Re1+ 65. Kd3 Rd1+ 66. Ke2 Rd5 67. Ba7
Ra5 68. Kf3 Ra3+ 69. Kg4 Ra4 70. Bb8 Ra3 71. Be5 Bxe5 72. fxe5 Re3 73. Kf4 Re1
74. Ra7 Kf8 75. Ra3 Kf7 76. Re3 Ra1 77. Rf3 1/2-1/2

[Event "Corus"]
[Site "Wijk aan Zee"]
[Date "2010.01.16"]
[Round "1"]
[White "Karjakin, Sergey"]
[Black "Anand, Viswanathan"]
[Result "1/2-1/2"]
[WhiteElo "2720"]
[BlackElo "2790"]
[Annotator "Marin,M"]
[PlyCount "80"]
[EventDate "2010.01.16"]
[EventType "tourn"]
[EventRounds "13"]
[EventCountry "NED"]
[EventCategory "19"]
[SourceTitle "CBM 135"]
[Source "ChessBase"]
[SourceDate "2010.03.17"]
[SourceVersion "1"]
[SourceVersionDate "2010.03.17"]
[SourceQuality "1"]

1. e4 e5 2. Nf3 Nc6 3. Bb5 a6 4. Ba4 Nf6 5. O-O b5 6. Bb3 Bc5 7. c3 d6 8. a4
Rb8 9. d4 Bb6 10. axb5 axb5 11. Na3 O-O 12. Nxb5 Bg4 13. Bc2 exd4 14. Nbxd4
Nxd4 15. cxd4 Bxf3 16. gxf3 Nh5 17. Kh1 Qf6 18. Ra4 Ra8 19. Be3 Rxa4 20. Bxa4
Nf4 $146 {Anand feels like blocking the weak pawns at once.} (20... Ra8 21. b3
g6 {allowed White trade queens and somewhat improve his structure with the
thematic sacrifice} 22. f4 {although this did not cause Black too much damage:}
Nxf4 23. Qf3 Nh5 24. Qxf6 Nxf6 25. f3 Kg7 26. Bf2 Nh5 {1/2 Wang Hao (2624)
-Adams,M (2724)/Liverpool 2007/CBM 120}) 21. Rg1 g6 22. Bb3 Rb8 23. Rg4 Ne6 24.
Bxe6 Qxe6 25. Rg1 c5 26. d5 Qf6 {White has an extra pawn and a seemingly solid
centre. However, the chronic weakness of the white kingside and Black's
optimal coordination (see his next move!) offers him excellent compensation.}
27. b3 c4 $1 {Only this new sacrifice puts all the pieces to work.} 28. Bxb6
Rxb6 29. bxc4 Rb2 30. c5 Rxf2 31. Rf1 Rb2 32. Qe1 dxc5 33. e5 Qf4 34. Rf2 Rxf2
35. Qxf2 c4 36. d6 Qxe5 37. d7 Qc7 38. Qd4 Qd8 39. Kg2 c3 40. Qxc3 Qxd7 {
It is not entirely sure whether Black can win this position, but many players
may have felt like giving it a try. The white king is somewhat exposed, which
suggests a global attacking plan, Q+K with the aim of trading queens somehow.}
1/2-1/2

[Event "Corus"]
[Site "Wijk aan Zee"]
[Date "2010.01.22"]
[Round "6"]
[White "Leko, Peter"]
[Black "Caruana, Fabiano"]
[Result "1-0"]
[WhiteElo "2739"]
[BlackElo "2675"]
[Annotator "Marin,M"]
[PlyCount "89"]
[EventDate "2010.01.16"]
[EventType "tourn"]
[EventRounds "13"]
[EventCountry "NED"]
[EventCategory "19"]
[SourceTitle "CBM 135"]
[Source "ChessBase"]
[SourceDate "2010.03.17"]
[SourceVersion "1"]
[SourceVersionDate "2010.03.17"]
[SourceQuality "1"]

1. e4 e5 2. Nf3 Nc6 3. Bb5 a6 4. Ba4 Nf6 5. O-O b5 6. Bb3 Bc5 7. c3 d6 8. a4
Rb8 9. d4 Bb6 10. Na3 O-O 11. axb5 axb5 12. Nxb5 Bg4 13. Re1 Bxf3 14. gxf3 Nh5
15. Kh1 Qf6 16. Rg1 exd4 $146 {This has never been played before, but has been
analyzed by at least two commentators.} (16... Nf4 17. Be3 {Svidler,P (2690)
-Shirov,A (2710)/Linares 1998/CBM 064/[Svidler] (1-0, 37)}) 17. Bg5 Qe5 18. Bd5
{'+/-' according to Svidler, but Wedberg highlighted a hidden resource.} dxc3
$1 {Wedberg} 19. Bxc6 cxb2 20. Rb1 Bxf2 21. Rg2 Rb6 {Only this move is really
new.} ({Wedberg analyzes only} 21... Rxb5 {, but it seems that the intermediate
} 22. f4 $1 {would cause Black some troubles.}) 22. Rxf2 Qxg5 {This may be the
cause for Black's future problems.} ({It may have been better to eliminate
White's strong queenside grip on light squares:} 22... Rxc6 {Black has three
pawns for a piece. His better coordination may compensate for the
vulnerability of the b2-pawn..}) 23. Rc2 $14 {/+/- Suddenly, all White's
pieces work together well.} Nf4 24. Qf1 d5 25. exd5 Nxd5 26. Bxd5 Qxd5 27.
Rcxb2 Qc5 28. Rc1 Qe5 29. Rbb1 Rfb8 30. Na3 Rb2 31. Rxb2 Rxb2 32. Rc2 Rb8 33.
Nc4 Qf4 34. Nd2 h5 35. Qe2 Ra8 36. Rc4 Qd6 37. Nf1 f5 38. Ng3 Ra1+ 39. Kg2 f4
40. Qe8+ Kh7 41. Qxh5+ Kg8 42. Qe8+ Kh7 43. Qe4+ Kg8 44. Qxf4 Ra2+ 45. Kh3 1-0

[Event "Dortmund SuperGM 35th"]
[Site "Dortmund"]
[Date "2007.06.27"]
[Round "4"]
[White "Anand, Viswanathan"]
[Black "Naiditsch, Arkadij"]
[Result "1-0"]
[WhiteElo "2786"]
[BlackElo "2654"]
[Annotator "Marin,M"]
[PlyCount "113"]
[EventDate "2007.06.23"]
[EventType "tourn"]
[EventRounds "7"]
[EventCountry "GER"]
[EventCategory "20"]
[SourceTitle "CBM 119"]
[Source "ChessBase"]
[SourceDate "2007.08.01"]
[SourceVersion "1"]
[SourceVersionDate "2007.08.01"]
[SourceQuality "1"]

1. e4 e5 2. Nf3 Nc6 3. Bb5 a6 4. Ba4 Nf6 5. O-O Bc5 6. c3 b5 7. Bb3 d6 8. d4
Bb6 9. a4 (9. Bg5 {Khairullin,I (2543)-Inarkiev,E (2628)/Moscow 2006/CBM 116/
[Marin] (0-1, 64)}) 9... Bg4 {Black parries the threat of axb5 by developing a
piece and putting additional pressure on the enemy centre.} ({The main
alternative is} 9... Rb8 10. Na3 {Dominguez Perez,L (2678)-Shirov,A (2699)/
Foros UKR 2007/CBM 119/[Marin] (0-1, 46)} (10. axb5 axb5 11. Qd3 $5 {Adams,M 
(2734)-Shirov,A (2699)/Elista 2007/CBM 119/[Marin] (1/2-1/2, 26)})) 10. h3 {
Anand chooses a plan based on the quick release of the tension in the centre.}
(10. Bg5 {is an important alternative.}) 10... Bh5 11. axb5 axb5 12. Rxa8 Qxa8
13. d5 Na5 ({The other possible retreat is} 13... Ne7 14. Bc2 Bg6 15. Qe2 c6
16. dxc6 Qxc6 17. Re1 O-O 18. Na3 Rb8 19. Bd3 h6 20. Nd2 b4 21. cxb4 d5 22. Bb5
Qb7 23. exd5 Nexd5 24. Ndc4 Ne4 {and, although his position looked a bit shaky
all the way, Black managed to hold his own in Leko,P (2670)-Adams,M (2670)/
Dortmund 1998/CBM 066 (1/2-1/2, 33)}) 14. Bc2 c6 15. dxc6 Qxc6 {The structure
is typical for the Yates variation (9.d4 Bg4 10.d5) of the classical Spanish.
There are significant differences in the piece placement, though. The black
king's bishop is on b6 instead of e7 and its colleague is cut off from its
natural e6- or b7- squares. It is too early to say what influence these
differences will have on the evaluation of the position.} 16. Re1 $146 {
Although the threat against the e4-pawn was not real yet (Bxe4 followed by
Qxd6), White makes a generally useful move, waiting for Black to define his
intentions.} (16. Bg5 Bd8 {A good way to recycle one of the bishops.} 17. Na3 (
17. Bxf6 Bxf6 18. Nxe5 Bxd1 19. Nxc6 Bxc2 20. Nxa5 Kd7 $44 {[%csl Ga5,Rc6,Ge4]
[%cal Yc2e4,Yh8a8]}) 17... O-O 18. Bxf6 Bxf3 (18... Bxf6 $5 19. Nxe5 Bxe5 (
19... Bxd1 20. Nxc6 Bxc2 21. Nxa5 Bxe4 22. Re1 $14) 20. Qxh5 Qc5 {[%csl Gh5]
[%cal Ye5h2]} 21. Qe2 b4 $44 {/+/= Black has strong pressure against the enemy
queenside, but cannot aim for more than a draw.}) 19. Qxf3 Bxf6 20. Qe2 (20.
Bd3 $1 Rb8 21. Nc2 $14 {[%csl Gd5][%cal Yc2b4]}) 20... Rb8 21. Bd3 b4 22. cxb4
Rxb4 23. Qd2 Qb6 $13 {Majdan,J (2256)-Stefanova,A (2499)/Kusadasi 2006/CBM 111
ext (1-0, 47). Black is very stable on dthe ark squares, but his back rank is
slightly vulnerable.}) 16... h6 {This move might be not necessary yet.} (16...
O-O 17. Bg5 Bd8 18. Bxf6 Bxf6 (18... Bxf3 19. Qxf3 Bxf6 $14) 19. Nxe5 Bxe5 20.
Qxh5 Nc4 $44 {[%csl Gb2][%cal Ye5b2]}) 17. Qe2 O-O 18. Na3 {We can notice the
absence of the light-squared bishop from the queenside.} Nc4 {The only way to
defend the b5-pawn, but it will cause structural modifications.} 19. Nxc4 bxc4
{At the same time, the pin on the f3-knight is unpleasant, forcing White to
weaken his king's position. (Notice that the other bishop prevents White from
unpinning himself with Qe3!)} 20. g4 Bg6 21. Nh4 d5 $6 {This move only opens
lines and diagonals for the enemy pieces.} (21... Nh7 {[%csl Gf4][%cal Yh7g5,
Yg5e6]} 22. Nf5 Bd8 $132 {[%cal Yf8e8,Yd8g5] , preparing the occupation of the
dark squares weakened by the advance of the g-pawn, looks entirely viable for
Black.}) 22. exd5 Nxd5 23. Be4 Qc5 $6 {This loses a pawn without too much
compensation.} (23... Bxe4 24. Qxe4 Qc5 25. Re2 Re8 26. Nf5 {leaves White with
a pleasant control of the light squares, but his queenside structure is less
favourable. Black might be slightly worse (maybe not even that), but very much
in the game.}) 24. Bxd5 Qxd5 25. Qxe5 Qxe5 26. Rxe5 Bd3 27. Nf5 $14 {/+/-.
White has an extra-pawn and an active position. Black's counterchances, based
on his pair of bishops, are not too realistic.} Ra8 28. Kg2 Ra5 29. Re8+ Kh7
30. Nd6 f6 31. Be3 Ra6 32. Nb5 Bxe3 33. Rxe3 Rb6 34. Nd4 Rxb2 35. Re7 h5 36.
Ne6 hxg4 37. Rxg7+ Kh6 38. hxg4 Re2 39. Re7 Be4+ 40. Kg3 Rc2 41. Nf8 Bd3 42. f4
Rc1 43. Rf7 Rg1+ 44. Kh3 Rh1+ 45. Kg2 Be4+ 46. Kf2 Rh3 47. Ne6 Rf3+ 48. Ke2 Kg6
49. Rg7+ Kh6 50. f5 Rxc3 51. Rg6+ Kh7 52. Rxf6 Bf3+ 53. Kf2 Bxg4 54. Ng5+ Kg8
55. Rg6+ Kf8 56. Nh7+ Kf7 57. Rxg4 1-0

[Event "Corus"]
[Site "Wijk aan Zee"]
[Date "2010.01.26"]
[Round "9"]
[White "Ivanchuk, Vassily"]
[Black "Shirov, Alexei"]
[Result "1/2-1/2"]
[WhiteElo "2749"]
[BlackElo "2723"]
[Annotator "Marin,M"]
[PlyCount "56"]
[EventDate "2010.01.16"]
[EventType "tourn"]
[EventRounds "13"]
[EventCountry "NED"]
[EventCategory "19"]
[SourceTitle "CBM 135"]
[Source "ChessBase"]
[SourceDate "2010.03.17"]
[SourceVersion "1"]
[SourceVersionDate "2010.03.17"]
[SourceQuality "1"]

1. e4 e5 2. Nf3 Nc6 3. Bb5 a6 4. Ba4 Nf6 5. O-O b5 6. Bb3 Bc5 7. a4 Rb8 8. c3
d6 9. d4 Bb6 10. axb5 axb5 11. Na3 Bg4 12. Nxb5 O-O 13. Re1 Bxf3 14. gxf3 Nh5
15. Kh1 Qf6 16. Rg1 exd4 17. Bg5 Qe5 18. Bd5 dxc3 19. Bxc6 cxb2 20. Rb1 Bxf2
21. Rg2 Rb6 22. Qd5 ({Deviating from} 22. Rxf2 {as played in Leko-Caruana.})
22... Bc5 23. Rbxb2 Rxc6 24. Qxc6 Ng3+ 25. hxg3 Qxg5 26. Rb1 Qh5+ 27. Rh2 Qxf3+
28. Rg2 Qh5+ 1/2-1/2